000 00392nam a2200169Ia 4500
001 20688
003 IN-NITTTR
005 20251114233236.0
008 251113s9999||||xx |||||||||||||| ||eng||
040 _beng
040 _cIN-NITTTR
041 _aeng
082 _a823 N143I
100 _aNaipaul, V. S.
245 0 _aIndia :
_b a million mutinies now /
_cNaipaul, V. S.
942 _2ddc
_cBK
999 _c23318
_d23318